[Event "IECG TE.2001.P.00817 email"]
[Site "IECG email"]
[Date "2001.10.05"]
[Round "?"]
[White "Cruz, Eudo"]
[Black "Baldursson, Sigurdur Oli"]
[Result "0-1"]
[WhiteElo "1357"]
[BlackElo "2020"]
[PlyCount "64"]
[EventDate "2001.10.05"]
[EventType "tourn (corr)"]
[EventRounds "12"]
[SourceTitle "Corr 2008"]
[Source "ChessBase"]
[SourceDate "2008.06.24"]
[SourceVersion "1"]
[SourceVersionDate "2008.06.24"]
[SourceQuality "1"]

1. e4 d6 2. d4 Nf6 3. Nc3 g6 4. Nf3 Bg7 5. Be3 0-0 6. Qd2 Ng4 7. Bg5 f6 8. Bf4 e5 9. dxe5 fxe5 10. Bg5 Bf6 11. Bc4+ Kg7 12. h3 Bxg5 13. Nxg5 Nf6 14. 0-0-0 Qe7 15. h4 h6 16. Nf3 Be6 17. Be2 Nc6 18. Nh2 Qf7 19. Kb1 Nd4 20. g4 Nd7 21. f3 a6 22. Rdf1 Nxe2 23. Qxe2 Bc4 24. Qg2 Bxf1 25. Rxf1 Nb6 26. b3 Rad8 27. Ne2 Qe7 28. Qg3 d5 29. f4 exf4 30. Nxf4 dxe4 31. Re1 Rde8 32. Nf3 Qd6 0-1

[Event "IECG email"]
[Site "IECG email"]
[Date "1996.??.??"]
[Round "?"]
[White "Baldursson, Sigurdur Oli"]
[Black "Boone, Keith"]
[Result "1-0"]
[WhiteElo "1655"]
[BlackElo "1655"]
[PlyCount "43"]
[EventDate "1996.??.??"]
[EventType "tourn (corr)"]
[EventRounds "6"]
[SourceTitle "Corr 2004"]
[Source "ChessBase"]
[SourceDate "2003.04.28"]
[SourceVersion "3"]
[SourceVersionDate "2003.04.28"]
[SourceQuality "1"]

1. e4 c5 2. Nf3 d6 3. d4 cxd4 4. Nxd4 Nf6 5. Nc3 g6 6. Be3 Bg7 7. f3 0-0 8. Qd2 Re8 9. Bc4 Nc6 10. h4 Ne5 11. Bb3 b6 12. 0-0-0 Ba6 13. g4 Nc4 14. Bxc4 Bxc4 15. b3 Ba6 16. h5 Rc8 17. hxg6 hxg6 18. Bh6 Bh8 19. Nf5 Rxc3 20. Qxc3 gxf5 21. gxf5 Ng4 22. Qxh8+ 1-0